000 00279nam a22001337a 4500
008 171127b xxu||||| |||| 00| 0 eng d
020 _a9780465019380
041 _aeng
080 _a32
100 _a19
101 _aPOL
245 _aTHE BATTLE
_cBROOKS.A.C
942 _2udc
_cBK
999 _c38534
_d38534